00811nam a22001817a 4500003000900000008004100009040007100050082002300121100002100144245011800165260005300283300002800336505013100364650002500495650003100520650005100551650002700602AR-CdUCM190311b ||||| |||| 00| 0 spa d aMUNICIPALIDAD PROVINCIAL DEL CUSCOcBIBLIOTECA MUNICIPAL DEL CUSCO a869.62 /bQ722ed. aQuintero, Rafael aEl mito del populismo en el Ecuador :bAnálisis de los fundamentos del Estado ecuatoriano moderno (1895-1934) / aQuito :bUniversidad central del Ecuador,c1983. a386 páginas ;c22 cm. aContenido: Estado y clases sociales (1895-1934) -- Análisis de los fundamento del surgimiento del "Velasquismo" (1930-1934). aPopulismo en ecuador aClases sociales en Ecuador aGobierno, política y economía en Ecuador  aLiteratura ecuatoriana